[Event "CZE-chT U18 Extraliga final-B 1617"]
[Site "Czech Republic"]
[Date "2017.04.22"]
[Round "9.4"]
[White "Zizka, Petr"]
[Black "Fryda, Dominik"]
[Result "1-0"]
[WhiteElo "1908"]
[BlackElo "1652"]
[PlyCount "75"]
[EventDate "2016.10.01"]
[EventType "team-tourn"]
[EventRounds "11"]
[EventCountry "CZE"]
[SourceTitle "EXT 2022"]
[Source "ChessBase"]
[SourceDate "2021.10.06"]
[SourceVersion "1"]
[SourceVersionDate "2021.10.06"]
[SourceQuality "1"]
[WhiteTeam "Praha Bohemians U18"]
[BlackTeam "Brno Lokomotiva U18"]
[WhiteTeamCountry "CZE"]
[BlackTeamCountry "CZE"]

1. b3 d5 2. Bb2 c5 3. e3 Nc6 4. f4 Nf6 5. Nf3 e6 6. Be2 Be7 7. 0-0 b6 8. Qe1 0-0 9. Qg3 Bb7 10. d3 Qc7 11. Ne5 Rad8 12. Nd2 Ne8 13. Bg4 f5 14. Be2 Bf6 15. Ndf3 Qe7 16. Nxc6 Bxc6 17. Ne5 Bb7 18. Bf3 Nd6 19. a4 a5 20. Qh3 Nf7 21. d4 Qc7 22. Rac1 Ba6 23. Rf2 c4 24. g4 Nd6 25. Ba3 Rfe8 26. gxf5 Nxf5 27. Bg4 Qc8 28. Kh1 Be7 29. Bxf5 exf5 30. Rg1 Bf6 31. Rfg2 Qc7 32. Qxf5 Bxe5 33. fxe5 Bc8 34. Qf6 Rd7 35. Bd6 Qb7 36. e6 Rde7 37. Be5 g6 38. Qh8# 1-0

[Event "CZE-chT U18 Extraliga Ost 1617"]
[Site "Czech Republic"]
[Date "2016.10.02"]
[Round "4.5"]
[White "Krejcok, Tobias"]
[Black "Fryda, Dominik"]
[Result "1-0"]
[WhiteElo "1705"]
[BlackElo "1652"]
[PlyCount "81"]
[EventDate "2016.10.01"]
[EventType "team-tourn"]
[EventRounds "11"]
[EventCountry "CZE"]
[SourceTitle "EXT 2022"]
[Source "ChessBase"]
[SourceDate "2021.10.06"]
[SourceVersion "1"]
[SourceVersionDate "2021.10.06"]
[SourceQuality "1"]
[WhiteTeam "Frydek Mistek U18"]
[BlackTeam "Brno Lokomotiva U18"]
[WhiteTeamCountry "CZE"]
[BlackTeamCountry "CZE"]

1. e4 e5 2. Nc3 Nf6 3. Nf3 Bb4 4. Bc4 Nc6 5. a3 Bxc3 6. dxc3 0-0 7. Bg5 d6 8. Qe2 Be6 9. 0-0-0 Qe7 10. Bd5 Rfd8 11. h3 Bxd5 12. exd5 Nb8 13. g4 Nbd7 14. Nd4 Re8 15. Nf5 Qf8 16. h4 c6 17. dxc6 bxc6 18. Nxd6 Re6 19. Ne4 Nd5 20. c4 N5b6 21. h5 h6 22. Be3 Rb8 23. g5 hxg5 24. Nxg5 Ree8 25. Qd3 Nf6 26. h6 g6 27. h7+ Kh8 28. Bxb6 axb6 29. Qd6 Ng4 30. Qxf8+ Rxf8 31. Rd7 Nxf2 32. Rf1 f6 33. Nf7+ Rxf7 34. Rxf7 Ne4 35. Rg1 g5 36. Re1 Nd6 37. Rxf6 Nxc4 38. Rxc6 Na5 39. Rg6 Kxh7 40. Rxg5 Kh6 41. Rg3 1-0

[Event "Brno Duras op"]
[Site "Brno"]
[Date "2016.07.03"]
[Round "9"]
[White "Sojka, Oldrich"]
[Black "Fryda, Dominik"]
[Result "0-1"]
[WhiteElo "1527"]
[BlackElo "1690"]
[PlyCount "212"]
[EventDate "2016.06.25"]
[EventType "swiss"]
[EventRounds "9"]
[EventCountry "CZE"]
[SourceTitle "CBM 173 Extra"]
[Source "ChessBase"]
[SourceDate "2016.08.29"]
[SourceVersion "1"]
[SourceVersionDate "2016.08.29"]
[SourceQuality "1"]

1. e4 e6 2. Nc3 d5 3. d4 Nf6 4. Bg5 Be7 5. e5 Nfd7 6. Bxe7 Qxe7 7. Nf3 c5 8. Bb5 0-0 9. h3 Nc6 10. Bxc6 bxc6 11. 0-0 Ba6 12. Re1 Rab8 13. b3 Rfc8 14. Qd2 cxd4 15. Qxd4 c5 16. Qd2 Rb7 17. Na4 Qd8 18. c3 h6 19. Re3 Rcb8 20. Nh2 Qg5 21. Nf3 Qe7 22. Nb2 Nb6 23. Nh2 Kh8 24. Rg3 Rd7 25. Ng4 Qg5 26. f4 Qg6 27. Kh2 Qh7 28. Qf2 d4 29. c4 Rbd8 30. Qd2 Rc7 31. Rf1 Bb7 32. Nf2 Nc8 33. Rd3 Rdd7 34. g4 Ne7 35. Kg3 Qg6 36. Kh2 Ba8 37. Rg3 Qh7 38. Rfg1 Ng6 39. Rd3 Ne7 40. Kg3 g6 41. Qe1 Qg7 42. Ne4 Nc6 43. Nxc5 Nxe5 44. Nxd7 Nxd3 45. Nxd3 Rxd7 46. Qe5 Kh7 47. Qxg7+ Kxg7 48. Re1 g5 49. b4 Rc7 50. c5 Bd5 51. a4 a6 52. Rc1 Bb3 53. Ra1 Bc4 54. Ne5 Bd5 55. fxg5 hxg5 56. Nf3 a5 57. Nxd4 axb4 58. Rc1 b3 59. Nb5 Rc6 60. Nd4 Rc8 61. Kf2 b2 62. Rb1 Rxc5 63. Rxb2 Rc4 64. Ne2 Rxa4 65. Nc3 Rf4+ 66. Kg1 Bf3 67. Kh2 Kf6 68. Kg3 e5 69. Rf2 Bc6 70. Ne2 Rxf2 71. Kxf2 Ke6 72. Kg3 f5 73. gxf5+ Kxf5 74. Kf2 Bd7 75. Ng3+ Kg6 76. Kg2 Bf5 77. Ne2 Bd3 78. Ng3 e4 79. Kf2 Kf6 80. Ke3 Ke5 81. Kf2 Kd4 82. Nf5+ Kc4 83. Ne3+ Kc3 84. Nf5 Bc4 85. Ne3 Be6 86. Nf1 Kd3 87. Kg3 Ke2 88. Nh2 Bf5 89. h4 gxh4+ 90. Kf4 Bd7 91. Kxe4 Kf2 92. Kf4 h3 93. Nf3 Kg2 94. Nh4+ Kf2 95. Nf3 Bc6 96. Kg4 Bd7+ 97. Kf4 Kg2 98. Nh4+ Kf2 99. Nf3 Be6 100. Nh2 Kg2 101. Nf3 Bd5 102. Nh4+ Kg1 103. Nf5 h2 104. Ng3 Kg2 105. Kg4 Bb3 106. Kf4 Bd1 0-1

[Event "Brno Duras op"]
[Site "Brno"]
[Date "2016.07.01"]
[Round "7"]
[White "Tajovsky, Matej"]
[Black "Fryda, Dominik"]
[Result "1-0"]
[WhiteElo "1536"]
[BlackElo "1690"]
[PlyCount "61"]
[EventDate "2016.06.25"]
[EventType "swiss"]
[EventRounds "9"]
[EventCountry "CZE"]
[SourceTitle "CBM 173 Extra"]
[Source "ChessBase"]
[SourceDate "2016.08.29"]
[SourceVersion "1"]
[SourceVersionDate "2016.08.29"]
[SourceQuality "1"]

1. e4 e6 2. d4 d5 3. Nd2 Nf6 4. e5 Nfd7 5. f4 c5 6. c3 Nc6 7. Ndf3 Be7 8. g3 0-0 9. Bh3 cxd4 10. cxd4 Nb6 11. Ne2 Bd7 12. 0-0 Rc8 13. Bd2 Nc4 14. Bc3 Ne3 15. Qd2 Nxf1 16. Rxf1 Qb6 17. a3 a5 18. g4 a4 19. f5 Na7 20. Ng3 Nb5 21. f6 Rfe8 22. Qg5 Bf8 23. fxg7 Be7 24. Qh5 f5 25. gxf5 exf5 26. Nxf5 Qg6+ 27. Qxg6 hxg6 28. Nh6+ Kxg7 29. Bxd7 Kxh6 30. Bxb5 Red8 31. Bxa4 1-0

[Event "Brno Duras op"]
[Site "Brno"]
[Date "2016.06.28"]
[Round "4"]
[White "Fryda, Dominik"]
[Black "Zikan, Karel"]
[Result "0-1"]
[WhiteElo "1690"]
[BlackElo "1713"]
[PlyCount "82"]
[EventDate "2016.06.25"]
[EventType "swiss"]
[EventRounds "9"]
[EventCountry "CZE"]
[SourceTitle "CBM 173 Extra"]
[Source "ChessBase"]
[SourceDate "2016.08.29"]
[SourceVersion "1"]
[SourceVersionDate "2016.08.29"]
[SourceQuality "1"]

1. e4 c6 2. Nf3 d5 3. e5 Bg4 4. d4 e6 5. Bd3 c5 6. c3 Nc6 7. Be3 cxd4 8. Bxd4 Nxd4 9. cxd4 Bb4+ 10. Nc3 Qa5 11. Qb3 Rc8 12. Rc1 Bxf3 13. gxf3 Ne7 14. Rg1 g6 15. Ke2 Nc6 16. Ke3 Nxd4 17. Qa4+ Qxa4 18. Nxa4 Nc6 19. a3 Be7 20. b4 0-0 21. f4 Rfd8 22. Nc5 Bxc5+ 23. Rxc5 b6 24. Rc2 Ne7 25. Rgc1 Rxc2 26. Rxc2 Rc8 27. Rxc8+ Nxc8 28. a4 Ne7 29. Be2 Kg7 30. Kd3 f6 31. Kc3 g5 32. exf6+ Kxf6 33. fxg5+ Kxg5 34. h3 h6 35. Kd4 Nc6+ 36. Ke3 Nxb4 37. Bg4 e5 38. Be6 Kf6 39. Bg4 Na6 40. Bf3 d4+ 41. Kd2 Kf5 0-1

[Event "Brno op"]
[Site "Brno"]
[Date "2015.08.28"]
[Round "7"]
[White "Fryda, Dominik"]
[Black "Spodny, Josef"]
[Result "1/2-1/2"]
[WhiteElo "1584"]
[BlackElo "1959"]
[PlyCount "44"]
[EventDate "2015.08.23"]
[EventType "swiss"]
[EventRounds "9"]
[EventCountry "CZE"]
[SourceTitle "EXT 2016"]
[Source "ChessBase"]
[SourceDate "2015.10.08"]
[SourceVersion "1"]
[SourceVersionDate "2015.10.08"]
[SourceQuality "1"]

1. e4 c5 2. Nf3 Nc6 3. d4 cxd4 4. Nxd4 e5 5. Nxc6 bxc6 6. Nc3 Nf6 7. Be2 d6 8. 0-0 Be7 9. Be3 0-0 10. Bf3 Be6 11. Bg5 h6 12. Bh4 Qc7 13. Re1 Rfd8 14. Bg3 Nh7 15. Qe2 Ng5 16. Bg4 Bxg4 17. Qxg4 Ne6 18. Rad1 Qc8 19. Ne2 Nd4 20. Qxc8 Nxe2+ 21. Rxe2 Raxc8 22. Rd3 Rb8 1/2-1/2

[Event "Brno op"]
[Site "Brno"]
[Date "2015.08.23"]
[Round "2"]
[White "Zitny, Petr"]
[Black "Fryda, Dominik"]
[Result "1-0"]
[WhiteElo "1848"]
[BlackElo "1584"]
[PlyCount "95"]
[EventDate "2015.08.23"]
[EventType "swiss"]
[EventRounds "9"]
[EventCountry "CZE"]
[SourceTitle "EXT 2016"]
[Source "ChessBase"]
[SourceDate "2015.10.08"]
[SourceVersion "1"]
[SourceVersionDate "2015.10.08"]
[SourceQuality "1"]

1. e4 e6 2. d3 d5 3. Nd2 c5 4. Ngf3 Nf6 5. g3 dxe4 6. dxe4 b6 7. Bg2 Bb7 8. Qe2 Be7 9. 0-0 0-0 10. b3 Nc6 11. Bb2 Qc7 12. e5 Nd7 13. Rfe1 Rfd8 14. Rad1 Nf8 15. h4 h6 16. Nc4 Nb4 17. a3 Nd5 18. Ncd2 Qd7 19. c4 Nc7 20. Ne4 Qc6 21. Nh2 Kh8 22. Ng4 Nh7 23. Ne3 Qe8 24. Nf6 gxf6 25. exf6 Bxf6 26. Bxb7 Rab8 27. Be4 Qg8 28. Bxh7 Qg7 29. Bxf6 Qxf6 30. Be4 Rg8 31. Bg2 Rg7 32. Rd7 Ne8 33. Red1 Qe5 34. Rd8 Kh7 35. Rxb8 Qxb8 36. Ng4 f5 37. Ne5 Nf6 38. h5 Ne4 39. Bxe4 Qxe5 40. Bf3 Qc3 41. Kg2 Qxb3 42. Qxe6 Qc2 43. Rd6 Qc1 44. Qxf5+ Kh8 45. Rd8+ Rg8 46. Qf6+ Kh7 47. Rd7+ Rg7 48. Qxg7# 1-0

[Event "Brno Duras op-B"]
[Site "Brno"]
[Date "2014.07.05"]
[Round "8"]
[White "Strelec, Ladislav"]
[Black "Fryda, Dominik"]
[Result "1-0"]
[WhiteElo "1249"]
[BlackElo "1462"]
[PlyCount "33"]
[EventDate "2014.06.28"]
[EventType "swiss"]
[EventRounds "9"]
[EventCountry "CZE"]
[SourceTitle "EXT 2017"]
[Source "ChessBase"]
[SourceDate "2016.10.25"]
[SourceVersion "1"]
[SourceVersionDate "2016.10.25"]
[SourceQuality "1"]

1. d4 d5 2. c4 e6 3. Nc3 c5 4. e3 Nf6 5. Qc2 Nc6 6. Nf3 Qb6 7. a3 cxd4 8. Na4 Qc7 9. exd4 Bd7 10. c5 e5 11. Bg5 Ne4 12. Nc3 Nxd4 13. Nxd4 exd4 14. Nxd5 Qe5 15. Nc7+ Qxc7 16. Qxe4+ Be6 17. Bb5+ 1-0

[Event "Brno Duras op-B"]
[Site "Brno"]
[Date "2014.07.03"]
[Round "6"]
[White "Dumek, Ales"]
[Black "Fryda, Dominik"]
[Result "1/2-1/2"]
[WhiteElo "1339"]
[BlackElo "1462"]
[PlyCount "41"]
[EventDate "2014.06.28"]
[EventType "swiss"]
[EventRounds "9"]
[EventCountry "CZE"]
[SourceTitle "EXT 2017"]
[Source "ChessBase"]
[SourceDate "2016.10.25"]
[SourceVersion "1"]
[SourceVersionDate "2016.10.25"]
[SourceQuality "1"]

1. e4 e5 2. Nf3 Nc6 3. Bc4 Nf6 4. Ng5 d5 5. exd5 Na5 6. Bb5+ c6 7. dxc6 bxc6 8. Be2 Nd5 9. d3 h6 10. Nf3 Qb6 11. c3 Bc5 12. d4 exd4 13. Nxd4 0-0 14. 0-0 Bd6 15. Bf3 Ne7 16. b3 Rd8 17. Qc2 Qc7 18. g3 Qb7 19. Na3 Bh3 20. Re1 Qa6 21. Ne2 1/2-1/2

[Event "Brno Duras op-B"]
[Site "Brno"]
[Date "2014.07.01"]
[Round "4"]
[White "Richterova, Natasa"]
[Black "Fryda, Dominik"]
[Result "0-1"]
[WhiteElo "1108"]
[BlackElo "1462"]
[PlyCount "70"]
[EventDate "2014.06.28"]
[EventType "swiss"]
[EventRounds "9"]
[EventCountry "CZE"]
[SourceTitle "EXT 2017"]
[Source "ChessBase"]
[SourceDate "2016.10.25"]
[SourceVersion "1"]
[SourceVersionDate "2016.10.25"]
[SourceQuality "1"]

1. d4 d5 2. c4 e6 3. Nc3 c5 4. Be3 Nc6 5. Nf3 cxd4 6. Bxd4 Nge7 7. e3 Nf5 8. Bd3 Nfxd4 9. Nxd4 Nxd4 10. exd4 Qb6 11. cxd5 Qxb2 12. Rc1 Bb4 13. Qc2 Qxc2 14. Rxc2 exd5 15. Bb5+ Ke7 16. 0-0 Be6 17. Re1 Rhd8 18. Re3 Kd6 19. Ne2 Rac8 20. Rxc8 Rxc8 21. Bd3 Bg4 22. f3 Bd2 23. Kf2 Bxe3+ 24. Kxe3 Re8+ 25. Kf2 Be6 26. Bb5 Bd7 27. Bxd7 Kxd7 28. Nf4 Rc8 29. Nxd5 Rc2+ 30. Kg3 Rxa2 31. Nc3 Rd2 32. Nb5 a6 33. Nc3 Rxd4 34. Ne4 Rxe4 35. fxe4 a5 0-1

[Event "Brno Duras op-B"]
[Site "Brno"]
[Date "2014.06.29"]
[Round "2"]
[White "Matula, Pavel"]
[Black "Fryda, Dominik"]
[Result "1-0"]
[WhiteElo "1261"]
[BlackElo "1462"]
[PlyCount "47"]
[EventDate "2014.06.28"]
[EventType "swiss"]
[EventRounds "9"]
[EventCountry "CZE"]
[SourceTitle "EXT 2017"]
[Source "ChessBase"]
[SourceDate "2016.10.25"]
[SourceVersion "1"]
[SourceVersionDate "2016.10.25"]
[SourceQuality "1"]

1. e4 e5 2. Nf3 Nc6 3. Bc4 Bc5 4. d3 Nf6 5. 0-0 d6 6. Bg5 0-0 7. h3 Be6 8. Nbd2 a6 9. c3 Na5 10. Bxe6 fxe6 11. b4 Bxb4 12. cxb4 Nc6 13. a3 Qd7 14. Be3 Nh5 15. d4 exd4 16. Nxd4 Nxd4 17. Bxd4 Nf4 18. Qg4 h5 19. Qf3 Qb5 20. Qe3 Qg5 21. g3 h4 22. Kh2 e5 23. gxf4 exf4 24. Qb3+ 1-0